| 000 | 01119 a2200265 4500 | ||
|---|---|---|---|
| 001 | 45482 | ||
| 005 | 20260407155727.0 | ||
| 008 | 260407a2010 arg spa d | ||
| 003 | AR-UNSa-BCEJYS | ||
| 040 |
_aAR-UNSa-BCEJYS _bspa _cAR-UNSa-BCEJYS |
||
| 080 |
_a336.5 _xGasto público. Gastos del estado |
||
| 245 | 1 | 0 |
_aGasto público social en infancia y adolescencia _pUn análisis presupuestario para la provincia de Salta |
| 020 | _a978-987-1479-28-3 | ||
| 264 | 1 |
_aBuenos Aires : _bCIPPEC _c2010 |
|
| 300 |
_a91 p. _c23 cm. |
||
| 505 | _a1. La relación Nación - provincias - 2. La descentralización del gasto social - 3. El gasto en infancia en la provincia de Salta - 4. Cómo analizar el presupuesto de un programa. | ||
| 041 | _aspa | ||
| 942 | _cBK | ||
| 590 | _aniveau_biblio:m niveau_hierar:0 | ||
| 100 | 1 | _aWaisgrais, Sebastián | |
| 700 | 1 | _aMaceira, Daniel | |
| 700 | 1 | _aCentro de Implementación de Políticas Públicas para la Equidad y el Crecimiento (CIPPEC) | |
| 700 | 1 | _aUNICEF | |
| 856 | 4 | 1 |
_uhttps://www.biblioeco.unsa.edu.ar/pmb/images/libros/L127114.jpg _yImagen de portada _qimage/jpeg |
| 999 |
_c3935 _d3935 |
||